000 00223 a2200097 4500
001 12237
100 _aJane's
245 _aJane's: Unmanned Aerial Vehicles and Targets
260 _a
_bJane's Group
_c
090 _c9467
_d9467
942 _aNUST-CAE
_cM
_c36341
999 _c247310
_d247310